Письма (два) Василия Тибекина, баснописца, графу Д.Н. Шереметеву

Доступно только в Электронных читальных залах Найти на картеНа карте
RUSMARC
00003673nmc2a22002413x 450
0014bbbaaec-1867-4787-9561-3a3bce04abe9
00520230908083742.0
100##$a20230504l18201821k l0rusy0189 ca
1010#$arus
102##$aRU
105##$ay###
1221#$ad
2001#$aПисьма (два) Василия Тибекина, баснописца, графу Д.Н. Шереметеву
$j14 апреля 1820 г.; 24 апреля 1821 г.
215##$a2 л.
$d26,5х40 см
251##$cДело
300##$aГраф Дмитрий Николаевич Шереметев и его семья. Переписка. Письма разных лиц Д.Н. Шереметеву
371##$aДокумент не является опубликованным и широко распространяемым
461#0$100198b93a77-94f0-46bb-a7e0-b5027cc72a67
$12001
$aШереметевы, графы
$1251
$cФонд
$1852
$j1088
462#0$1001d3ce280e-361b-49f4-86d2-e1a120f828b4
$12001
$aЛичные документы, переписка и документы, связанные со служебной и общественной деятельностью графов Бориса Петровича, Петра Борисовича, Николая Петровича и Дмитрия Шереметевых
$1251
$cОпись
$1852
$j1
801#0$aRU
$bРГИА
$c20230504
$gRCR
801#1$aRU
$bГлавНИВЦ
$c20230504
$2rusmarc
801#2$aRU
$bПБ им. Б.Н. Ельцина
$c20230908
$gRCR
$2rusmarc
850##$aРГИА
852##$aРГИА
$eФедеральное казенное учреждение "Российский государственный исторический архив" (РГИА)
$j586
937##$hРГИА
$d12399596
$aASBIBLIO_SCAN
035##$aRusGRCC00060093
856##$uhttp://readingroom.main.prlib.ru/item.aspx?id_node=n187423153&mode=full
Формат отображения